[Event "Open Semana Santa 2023"]
[Site "?"]
[Date "2023.04.08"]
[Round "6.184"]
[White "Cervera Diaz, Aaron"]
[Black "Bernardez Gonzalez, Roberto"]
[Result "1/2-1/2"]
[WhiteElo "1253"]
[BlackElo "1688"]
[PlyCount "72"]

1. e4 e5 2. Bc4 Nf6 3. d3 Bc5 4. Nf3 Nc6 5. O-O a6 6. c3 Ba7 7. b4 d6 8. h3 h6
9. Nbd2 g5 10. Nb3 Be6 11. Bxe6 fxe6 12. Be3 Ne7 13. Bxa7 Rxa7 14. Re1 Ng6 15.
d4 exd4 16. Nbxd4 e5 17. Nf5 Qd7 18. Qe2 Ne7 19. Ng7+ Kf7 20. Nf5 Nxf5 21. exf5
Raa8 22. Rad1 Qc6 23. c4 Rae8 24. c5 Kg7 25. cxd6 cxd6 26. Rc1 Qd7 27. g4 Rc8
28. Rxc8 Rxc8 29. Qd2 Qc6 30. Nxg5 Nd5 31. Ne6+ Kh7 32. Rd1 Nc3 33. Qxd6 Ne2+
34. Kf1 Qh1+ 35. Kxe2 Qe4+ 36. Kf1 Qh1+ 1/2-1/2

[Event "Open Semana Santa 2023"]
[Site "?"]
[Date "2023.04.08"]
[Round "6.185"]
[White "Diriavka, Emma"]
[Black "Mata Medina, Andres"]
[Result "0-1"]
[WhiteElo "1216"]
[BlackElo "1673"]
[PlyCount "110"]

1. e4 c5 2. Bc4 d6 3. d3 Nf6 4. Nf3 e6 5. O-O Be7 6. Nc3 Nc6 7. h3 O-O 8. Bg5
a6 9. Ne2 b5 10. Bb3 h6 11. Bh4 Nd7 12. Bxe7 Qxe7 13. Ng3 Nb6 14. a3 a5 15. Re1
Rd8 16. Nh2 Ba6 17. Re3 Rac8 18. Nh5 c4 19. Ba2 Kh7 20. Rg3 g6 21. Qg4 Ne5 22.
Qe2 gxh5 23. Qxh5 Rg8 24. Ng4 Nxg4 25. hxg4 Rc5 26. Qh3 Qg5 27. d4 Rc7 28. c3
e5 29. Re1 Bc8 30. f3 Qd2 31. Rb1 exd4 32. cxd4 Qxd4+ 33. Kh2 b4 34. axb4 axb4
35. Rh1 c3 36. bxc3 bxc3 37. Qh4 c2 38. g5 Rg6 39. Qf4 Qe5 40. Qxe5 dxe5 41.
Rc1 Rxg5 42. Bb3 Rxg3 43. Kxg3 Ba6 44. Bxc2 Nc8 45. Ra1 Rxc2 46. Rxa6 Kg7 47.
Ra5 Kf6 48. Ra6+ Kg7 49. Ra5 f6 50. Rd5 Nb6 51. Rd6 Nc4 52. Rd7+ Kg6 53. Kh3
Ne3 54. g4 Nf1 55. Kh4 Rh2# 0-1

[Event "Open Semana Santa 2023"]
[Site "?"]
[Date "2023.04.08"]
[Round "6.186"]
[White "Gutierrez Lupion, Nuria"]
[Black "Movsisyan, Tigran"]
[Result "1/2-1/2"]
[WhiteElo "1551"]
[BlackElo "1968"]
[PlyCount "69"]

1. e4 c5 2. Nf3 Nc6 3. d4 cxd4 4. Nxd4 Nf6 5. Nc3 e5 6. Ndb5 d6 7. Nd5 Nxd5 8.
exd5 Ne7 9. c4 Ng6 10. Be2 Be7 11. O-O O-O 12. b4 a6 13. Nc3 f5 14. Qb3 Kh8 15.
f4 Nxf4 16. Bxf4 exf4 17. Rxf4 Bf6 18. Rd1 Be5 19. Rf3 g5 20. g3 f4 21. Ne4 Bg4
22. Rf2 Bxe2 23. Rxe2 f3 24. Rf2 g4 25. c5 Rc8 26. Qe3 Re8 27. Qh6 Bg7 28. Qf4
Qd7 29. Nxd6 Rf8 30. Qe4 Rc7 31. Re1 Bc3 32. Re3 Ba1 33. Re1 Bc3 34. Re3 Ba1
35. Re1 1/2-1/2

[Event "Open Semana Santa 2023"]
[Site "?"]
[Date "2023.04.08"]
[Round "6.187"]
[White "Valverde Lopez, Francisco Leopol"]
[Black "Alonso Perez, Alfredo"]
[Result "0-1"]
[WhiteElo "1525"]
[BlackElo "1891"]
[PlyCount "26"]

1. e4 e5 2. Nf3 Nc6 3. Bc4 Bc5 4. c3 Nf6 5. d4 exd4 6. cxd4 Bb4+ 7. Nc3 Nxe4 8.
O-O Bxc3 9. bxc3 d5 10. Re1 O-O 11. Rxe4 dxe4 12. Ng5 Bf5 13. Ba3 Qxg5 0-1

[Event "Open Semana Santa 2023"]
[Site "?"]
[Date "2023.04.08"]
[Round "6.188"]
[White "Sanchez Lake, Alvaro"]
[Black "Perez Garcia, Saul"]
[Result "0-1"]
[WhiteElo "1524"]
[BlackElo "1885"]
[PlyCount "74"]

1. c4 Nf6 2. Nc3 d5 3. cxd5 Nxd5 4. g3 g6 5. Bg2 Nxc3 6. bxc3 Bg7 7. Nf3 O-O 8.
O-O Nc6 9. d4 e5 10. Bb2 e4 11. Nd2 e3 12. fxe3 Qg5 13. e4 Bg4 14. Rf4 h5 15.
Bc1 Nxd4 16. Nf3 Nxf3+ 17. Rxf3 Qc5+ 18. Be3 Qxc3 19. Rc1 Qe5 20. Rf2 b6 21.
Bf4 Qd4 22. Bxc7 Rac8 23. Bf4 Qb2 24. Rxc8 Rxc8 25. Qb3 Qa1+ 26. Rf1 Qd4+ 27.
Be3 Qd7 28. Rd1 Qe7 29. Bf3 Rc3 30. Qd5 Rxe3 31. Bxg4 hxg4 32. Kf2 Qxe4 33.
Qxe4 Rxe4 34. Rd2 a5 35. Rd8+ Bf8 36. Rb8 Kg7 37. Kf1 Bc5 0-1

[Event "Open Semana Santa 2023"]
[Site "?"]
[Date "2023.04.08"]
[Round "6.189"]
[White "Sanmartin Paya, Ignacio"]
[Black "Olivares Romero, Sara"]
[Result "1/2-1/2"]
[WhiteElo "1492"]
[BlackElo "1743"]
[PlyCount "106"]

1. d4 Nf6 2. e3 c5 3. Bd3 e6 4. c3 d5 5. Nd2 Nc6 6. Ngf3 Bd6 7. e4 cxd4 8. Nxd4
Nxd4 9. cxd4 dxe4 10. Nxe4 Be7 11. O-O Qa5 12. Bf4 O-O 13. Qb3 Rd8 14. Rfc1 Qd5
15. Qxd5 Nxd5 16. Be3 Bd7 17. Nc3 Bc6 18. Nxd5 Bxd5 19. Bc4 Be4 20. f3 Bc6 21.
Rc2 Bf6 22. Rd1 Rd7 23. Rcd2 Rad8 24. Kf2 h6 25. b4 Ba4 26. Bb3 Bxb3 27. axb3
Rd5 28. Ra2 a6 29. Ra5 Bxd4 30. Rxd5 Bxe3+ 31. Kxe3 exd5 32. Kd4 Rc8 33. Rd2 f6
34. Re2 Kf7 35. Kxd5 Rc3 36. Rb2 Ke7 37. Kd4 Rc1 38. Re2+ Kd7 39. Rd2 Kc6 40.
Re2 Kd6 41. Kd3 Rc7 42. Kd4 Kc6 43. Rc2+ Kb6 44. Rxc7 Kxc7 45. Kc5 b6+ 46. Kd5
Kd7 47. f4 g5 48. f5 h5 49. h3 h4 50. Kd4 Kd6 51. Ke4 Kc6 52. Kd4 Kd6 53. Ke4
Kc6 1/2-1/2

[Event "Open Semana Santa 2023"]
[Site "?"]
[Date "2023.04.08"]
[Round "6.190"]
[White "Vecillas Rey, Daniel"]
[Black "Alvarez Poves, Jesus"]
[Result "1-0"]
[WhiteElo "1465"]
[BlackElo "1735"]
[PlyCount "57"]

1. e4 d6 2. d4 Nf6 3. Nc3 g6 4. f3 Bg7 5. Be3 O-O 6. Qd2 c6 7. O-O-O b5 8. g4
Qa5 9. Kb1 b4 10. Nce2 Nbd7 11. h4 Nb6 12. Ng3 Na4 13. Bc4 Be6 14. Bb3 Nc3+ 15.
bxc3 bxc3 16. Qe1 Rab8 17. N1e2 c5 18. Qxc3 Qa6 19. Nf4 c4 20. Nxe6 fxe6 21. h5
cxb3 22. axb3 Rfc8 23. Qb2 Nd7 24. hxg6 Nc5 25. Qa2 Qc4 26. gxh7+ Kh8 27. dxc5
Rc6 28. Kc1 Qc3 29. Rd3 1-0

[Event "Open Semana Santa 2023"]
[Site "?"]
[Date "2023.04.08"]
[Round "6.191"]
[White "Romero Garcia, Jose Luis"]
[Black "Marques Montolio, Luis"]
[Result "1-0"]
[WhiteElo "1733"]
[BlackElo "1519"]
[PlyCount "52"]

1. e4 d5 2. e5 Bf5 3. d4 e6 4. f4 c5 5. c3 cxd4 6. cxd4 Bb4+ 7. Nc3 Nc6 8. Nf3
h6 9. Bd3 Bxd3 10. Qxd3 Nge7 11. g4 a6 12. O-O Rc8 13. f5 exf5 14. gxf5 Qd7 15.
f6 gxf6 16. exf6 Ng6 17. Kh1 Kf8 18. Rg1 Re8 19. Rxg6 fxg6 20. Qxg6 Qh7 21. Qh5
Bxc3 22. bxc3 Re6 23. Ba3+ Ne7 24. Bxe7+ Rxe7 25. fxe7+ Qxe7 26. Qf5+ Ke8 1-0

[Event "Open Semana Santa 2023"]
[Site "?"]
[Date "2023.04.08"]
[Round "6.193"]
[White "Prochaieva, Olha"]
[Black "Gallardo Munoz, Adrian"]
[Result "1-0"]
[WhiteElo "1282"]
[BlackElo "1703"]
[PlyCount "69"]

1. d4 c5 2. dxc5 Nc6 3. c4 e6 4. a3 Qa5+ 5. Bd2 Qxc5 6. e3 a5 7. Nc3 Nf6 8. Nb5
Qb6 9. Nf3 Na7 10. Nfd4 Nxb5 11. Nxb5 Be7 12. Bd3 O-O 13. O-O d5 14. Qc2 dxc4
15. Bxc4 a4 16. Nc3 Bd7 17. Rab1 Qc5 18. Bd3 Qh5 19. Ne4 Ng4 20. h3 Ne5 21. Ng3
Qh4 22. Be4 Bb5 23. Rfc1 Rab8 24. Bc3 Rfc8 25. Bxh7+ Kf8 26. Be4 f5 27. Bxf5
exf5 28. Qxf5+ Nf7 29. Qxb5 Nd6 30. Qh5 Qxh5 31. Nxh5 g6 32. Nf4 Kf7 33. Nd5
Bh4 34. Nb6 Rc6 35. Nd7 1-0

[Event "Open Semana Santa 2023"]
[Site "?"]
[Date "2023.04.08"]
[Round "6.194"]
[White "Pacios Elola, Daniel Antonio"]
[Black "Marin Giner, Gustavo"]
[Result "1-0"]
[WhiteElo "1700"]
[BlackElo "1449"]
[PlyCount "69"]

1. e4 e5 2. Nf3 Nc6 3. Bc4 Nf6 4. Ng5 d5 5. exd5 Na5 6. Bb5+ c6 7. dxc6 bxc6 8.
Qf3 Rb8 9. Bxc6+ Nxc6 10. Qxc6+ Nd7 11. d3 Be7 12. Ne4 Rb6 13. Qa4 f5 14. Ned2
Bb7 15. c4 Bxg2 16. Rg1 Bc6 17. Qd1 g6 18. Nb3 Ba4 19. Bh6 Nc5 20. Nc3 Nxd3+
21. Kf1 Bxb3 22. axb3 Bc5 23. Rxa7 Rd6 24. Bg5 Qb8 25. Re7+ Kf8 26. Nd5 h6 27.
Qxd3 hxg5 28. Rxe5 Rxh2 29. Rxf5+ gxf5 30. Qxf5+ Ke8 31. Qe5+ Kd7 32. Qxh2 Qxb3
33. Qh7+ Ke6 34. Qe7+ Kf5 35. Rxg5# 1-0

[Event "Open Semana Santa 2023"]
[Site "?"]
[Date "2023.04.08"]
[Round "6.195"]
[White "Sanfelix Dominguez, Juan Vicente"]
[Black "Saiz Sapena, Veronica"]
[Result "1-0"]
[WhiteElo "1730"]
[BlackElo "1506"]
[PlyCount "79"]

1. e4 c6 2. d4 d5 3. exd5 cxd5 4. Bd3 Nf6 5. h3 g6 6. Nf3 Bg7 7. Bf4 O-O 8.
Nbd2 Nc6 9. c3 Re8 10. O-O Nh5 11. Bh2 a6 12. Re1 Bh8 13. Qb3 e6 14. Qd1 Bf6
15. Ne5 Be7 16. f4 Bh4 17. Re3 Ng7 18. Ndf3 Be7 19. Qe2 Nxe5 20. Nxe5 f5 21.
Re1 Bd6 22. Nf3 Bd7 23. c4 Nh5 24. g3 Bb4 25. Rc1 Nf6 26. c5 Rc8 27. a3 Ba5 28.
b4 Bc7 29. Qc2 Ne4 30. a4 b5 31. c6 Bxc6 32. Qxc6 Bxf4 33. gxf4 Rxc6 34. Rxc6
bxa4 35. Bxa6 Qa8 36. b5 Qb8 37. Ra3 Nd6 38. Rxa4 Re7 39. Ra1 Nc4 40. Rc8+ 1-0

[Event "Open Semana Santa 2023"]
[Site "?"]
[Date "2023.04.08"]
[Round "6.196"]
[White "Groapa, Aurelian"]
[Black "Soto Fernandez, Diego"]
[Result "1-0"]
[WhiteElo "1692"]
[BlackElo "1416"]
[PlyCount "99"]

1. e4 e6 2. d4 d5 3. Nc3 dxe4 4. Nxe4 Bd7 5. Nf3 Bc6 6. Bd3 Nd7 7. O-O Be7 8.
c3 Ngf6 9. Nfd2 O-O 10. Re1 Re8 11. b4 a6 12. Qb3 b6 13. Ng5 Bb7 14. Ndf3 h6
15. Nxf7 Bd5 16. Nxd8 Bxb3 17. axb3 Bxd8 18. Rxa6 Rxa6 19. Bxa6 c6 20. Bc4 Kf7
21. b5 c5 22. dxc5 bxc5 23. Ne5+ Nxe5 24. Rxe5 Nd7 25. Re4 Nf6 26. Re3 Ba5 27.
Ba3 Nd7 28. h4 Kf6 29. Bb2 Bb6 30. Be2 e5 31. c4 Bc7 32. Bc3 Bd6 33. Rd3 Ke7
34. Bg4 Nf6 35. Bf5 Rd8 36. Re3 e4 37. g3 Kf7 38. Kg2 Re8 39. Kf1 g6 40. Bh3
Be5 41. Bxe5 Rxe5 42. b6 Re8 43. b7 Rb8 44. Bc8 Ke7 45. f3 Kd6 46. fxe4 Ke5 47.
Ke2 Ne8 48. Rd3 Nd6 49. Rxd6 Kxd6 50. Kd3 1-0

[Event "Open Semana Santa 2023"]
[Site "?"]
[Date "2023.04.08"]
[Round "6.197"]
[White "Fenoll Molina, Cesar"]
[Black "Benet Saniger, Xavier"]
[Result "0-1"]
[WhiteElo "1279"]
[BlackElo "1682"]
[PlyCount "74"]

1. d4 e6 2. Nc3 d5 3. Nf3 c5 4. e3 f5 5. Ne5 Nf6 6. Be2 Nc6 7. f4 cxd4 8. exd4
Qb6 9. Nxc6 bxc6 10. O-O Ba6 11. Re1 Kf7 12. Na4 Qb7 13. Nc5 Bxc5 14. dxc5 Bxe2
15. Qxe2 Ne4 16. a3 Nxc5 17. b4 Ne4 18. Bb2 Rhe8 19. Qh5+ Kg8 20. Rad1 a5 21.
Re3 Qf7 22. Qh4 axb4 23. Rh3 h6 24. Rdd3 Rxa3 25. Bxa3 Qa7+ 26. Kf1 bxa3 27.
Rxa3 Qc5 28. g4 fxg4 29. Rhe3 Nd2+ 30. Kg2 Qxc2 31. Qf2 Rb8 32. Re2 Rb2 33.
Rxe6 Qf5 34. Re8+ Kh7 35. Raa8 Nc4 36. Rh8+ Kg6 37. Qxb2 Nxb2 0-1

[Event "Open Semana Santa 2023"]
[Site "?"]
[Date "2023.04.08"]
[Round "6.198"]
[White "Sanchez Pablo, Jorge"]
[Black "Morales Clares, Aaron"]
[Result "1-0"]
[WhiteElo "1654"]
[BlackElo "1358"]
[PlyCount "105"]

1. d4 d5 2. Bf4 Nf6 3. e3 Bf5 4. c4 e6 5. Nc3 Be7 6. Qb3 b6 7. h3 a6 8. Nf3 O-O
9. Rc1 Nbd7 10. Be2 c6 11. O-O b5 12. c5 Ne8 13. a4 f6 14. Nh4 Bxh3 15. gxh3 g5
16. Kh1 Kh8 17. Rg1 gxf4 18. exf4 f5 19. Nf3 Qc7 20. Ne5 Nxe5 21. fxe5 Ng7 22.
f4 Rg8 23. Rg2 Bh4 24. Rcg1 Qf7 25. Qd1 Raf8 26. Bf3 Ne8 27. Bh5 Qe7 28. Bg6
Rxg6 29. Rxg6 hxg6 30. Rxg6 Qh7 31. Rxe6 Bg3 32. Qf1 Bxf4 33. Qxf4 Qxh3+ 34.
Qh2 Qxh2+ 35. Kxh2 f4 36. Kg2 f3+ 37. Kf2 Ng7 38. Rxc6 Nf5 39. axb5 axb5 40.
Nxb5 Ng3 41. Kxg3 f2 42. Rh6+ Kg7 43. Rh1 f1=Q 44. Rxf1 Rxf1 45. c6 Rc1 46. Nc3
Rg1+ 47. Kf4 Rg6 48. c7 Rc6 49. Nxd5 Kf7 50. b4 Rc4 51. Ke4 Ke6 52. b5 Kd7 53.
Nb6+ 1-0

[Event "Open Semana Santa 2023"]
[Site "?"]
[Date "2023.04.08"]
[Round "6.201"]
[White "Ferrete Rueda, Juan Carlos"]
[Black "Mulet Salva, Jeroni"]
[Result "1-0"]
[WhiteElo "1620"]
[BlackElo "1263"]
[PlyCount "95"]

1. e4 e5 2. Nf3 Nc6 3. Bb5 Nge7 4. c3 g6 5. d4 exd4 6. cxd4 Bg7 7. Nc3 O-O 8.
O-O d6 9. h3 f5 10. Bg5 a6 11. Bc4+ Kh8 12. exf5 Bxf5 13. Re1 Qd7 14. Bh4 h6
15. Bd3 Rae8 16. Bf1 g5 17. Bg3 Bg6 18. d5 Nb4 19. Rc1 Bf7 20. Bc4 Qf5 21. Nd4
Bxd4 22. Qxd4+ Kg8 23. Red1 c5 24. Qd2 b5 25. Bxb5 axb5 26. Nxb5 Nexd5 27. Nxd6
Qf6 28. Nxe8 Bxe8 29. a3 Ba4 30. axb4 Bxd1 31. Qxd5+ Kh7 32. Rxd1 cxb4 33. Qb7+
Kg8 34. Qxb4 h5 35. Qc4+ Kh7 36. Rd7+ Kh8 37. Qc3 Qxc3 38. bxc3 Rc8 39. Be5+
Kg8 40. Rg7+ Kf8 41. Rh7 Rc5 42. Bd6+ Kg8 43. Bxc5 Kxh7 44. g4 h4 45. Be7 Kg6
46. c4 Kf7 47. Bxg5 Ke6 48. Bxh4 1-0

[Event "Open Semana Santa 2023"]
[Site "?"]
[Date "2023.04.08"]
[Round "6.202"]
[White "Piris Ferrandis, Asier"]
[Black "Arana Rodriguez, Marlon Uriel"]
[Result "1-0"]
[WhiteElo "1603"]
[BlackElo "1183"]
[PlyCount "111"]

1. e4 c5 2. Nf3 d6 3. Bb5+ Bd7 4. Bxd7+ Nxd7 5. O-O Ngf6 6. Re1 g6 7. c3 Bg7 8.
d4 cxd4 9. cxd4 O-O 10. Nc3 Nb6 11. e5 dxe5 12. Nxe5 Nfd7 13. Bf4 Nxe5 14. Bxe5
Qd7 15. Qe2 e6 16. Bxg7 Kxg7 17. Qe5+ Kg8 18. Ne4 Nd5 19. Nc5 Qe7 20. Qxd5 b6
21. Nd3 Rfd8 22. Qe5 Rd5 23. Qe4 Rad8 24. Qf3 Rxd4 25. Ne5 R8d6 26. Nc6 Rxc6
27. Qxc6 h5 28. Red1 Rg4 29. Qd7 Qg5 30. Qd8+ Qxd8 31. Rxd8+ Kg7 32. f3 Rb4 33.
b3 a5 34. Rc1 Rb5 35. Rd7 h4 36. Rcc7 Rf5 37. Rb7 b5 38. Kf2 a4 39. bxa4 bxa4
40. Ra7 h3 41. g4 Rf4 42. Kg3 g5 43. Ra5 Kg6 44. Rda7 Rb4 45. Rxa4 Rb1 46. Kxh3
Rg1 47. Re4 Kf6 48. a4 Rf1 49. Re3 Ra1 50. Re4 Ra3 51. Kg3 Rb3 52. Rc7 Ra3 53.
Rc5 Kg6 54. a5 f5 55. Rxe6+ Kf7 56. gxf5 1-0

[Event "Open Semana Santa 2023"]
[Site "?"]
[Date "2023.04.08"]
[Round "6.203"]
[White "Segarra Victorio, Israel"]
[Black "Xia, Yan"]
[Result "0-1"]
[WhiteElo "1586"]
[BlackElo "1119"]
[PlyCount "86"]

1. d4 Nf6 2. c4 g6 3. Nc3 d5 4. e3 Bg7 5. Nf3 O-O 6. Bd3 b6 7. O-O Bb7 8. b4 a5
9. bxa5 Rxa5 10. Bd2 Ra3 11. Qc2 c5 12. Nb5 Ra8 13. Bc3 Na6 14. Rfd1 e6 15.
Rac1 Bc6 16. Qb3 Nc7 17. Nxc7 Qxc7 18. Qb2 Ba4 19. Bc2 Ne4 20. Nd2 Nxd2 21.
Bxd2 dxc4 22. Bxa4 Rxa4 23. Qb5 Rxa2 24. Qxc4 Qa7 25. dxc5 bxc5 26. Qxc5 Qxc5
27. Rxc5 Rd8 28. Rb1 Raxd2 29. g3 h5 30. Kg2 Bf6 31. Rc7 Re2 32. Rbb7 Rdd2 33.
Rxf7 Rxf2+ 34. Kg1 Rg2+ 35. Kh1 Rge2 36. Rg7+ Bxg7 37. Rb1 Rxh2+ 38. Kg1 Rhg2+
39. Kh1 Rxg3 40. e4 Bd4 41. Rb8+ Kh7 42. Rb7+ Kh6 43. e5 Rg1# 0-1

[Event "Open Semana Santa 2023"]
[Site "?"]
[Date "2023.04.08"]
[Round "6.204"]
[White "Kondrashov, Ivan V"]
[Black "Molina Saorin, Raul"]
[Result "1/2-1/2"]
[WhiteElo "1582"]
[BlackElo "1076"]
[PlyCount "34"]

1. c4 e5 2. Nc3 Nf6 3. e4 c6 4. Nge2 d5 5. cxd5 cxd5 6. exd5 Nxd5 7. Nxd5 Qxd5
8. d4 Bb4+ 9. Bd2 Bxd2+ 10. Qxd2 O-O 11. Nc3 Qxd4 12. Qxd4 exd4 13. Nb5 Nc6 14.
O-O-O Be6 15. b3 a6 16. Nd6 b5 17. Bd3 Rad8 1/2-1/2

[Event "Open Semana Santa 2023"]
[Site "?"]
[Date "2023.04.07"]
[Round "6.206"]
[White "Roche Fraile, Carlos"]
[Black "Guzman Fuentes, Encarna"]
[Result "1-0"]
[WhiteElo "1593"]
[BlackElo "1311"]
[PlyCount "115"]

1. e4 e5 2. Nf3 Nc6 3. Bb5 a6 4. Ba4 Nf6 5. Qe2 b5 6. Bb3 h6 7. c3 d6 8. O-O
Bg4 9. d3 Be7 10. Nbd2 O-O 11. Rd1 d5 12. exd5 Nxd5 13. Qe4 Be6 14. Nxe5 Nxe5
15. Qxe5 Bd6 16. Qe1 Re8 17. Ne4 Bf5 18. Bxd5 Bxh2+ 19. Kxh2 Qxd5 20. f3 Bg6
21. Qg3 Bxe4 22. dxe4 Qxd1 23. Bxh6 Qd6 24. Bf4 Qg6 25. Qf2 Qh5+ 26. Kg1 Re7
27. Rd1 c5 28. Rd5 Qg6 29. Qxc5 Ree8 30. Rd6 Re6 31. Qc6 Rf8 32. Qxa6 Rxd6 33.
Qxd6 Qxd6 34. Bxd6 Rd8 35. e5 Ra8 36. a3 Re8 37. Kf2 f6 38. f4 Kf7 39. Ke3 fxe5
40. fxe5 Ke6 41. Kd4 Rh8 42. Kc5 Rh2 43. Kxb5 Rxg2 44. b4 Rf2 45. a4 g5 46. a5
g4 47. a6 g3 48. Bc5 Ra2 49. Kb6 g2 50. a7 Kxe5 51. Kb7 Kd5 52. a8=Q Rxa8 53.
Kxa8 Kc4 54. Bd4 Kb5 55. Kb7 Kc4 56. Kb6 g1=Q 57. Bxg1 Kxc3 58. b5 1-0

[Event "Open Semana Santa 2023"]
[Site "?"]
[Date "2023.04.08"]
[Round "6.207"]
[White "De La Hoz Mulet, Miguel"]
[Black "Grueso Vano, Oscar"]
[Result "1/2-1/2"]
[WhiteElo "1311"]
[BlackElo "1548"]
[PlyCount "47"]

1. d4 Nf6 2. Nf3 d6 3. Bf4 g6 4. e3 Bg7 5. Nc3 Nh5 6. Bg3 Nxg3 7. hxg3 c5 8.
dxc5 Qa5 9. Bb5+ Bd7 10. Bxd7+ Nxd7 11. cxd6 Bxc3+ 12. bxc3 Qxc3+ 13. Nd2 exd6
14. O-O Nf6 15. Nb3 Rd8 16. Nd4 O-O 17. Qf3 Kg7 18. Qxb7 Rd7 19. Qf3 Rc8 20.
Rab1 Qa3 21. Rb7 Qxa2 22. Rxd7 Nxd7 23. Qb7 Nb6 24. Qe7 1/2-1/2

[Event "Open Semana Santa 2023"]
[Site "?"]
[Date "2023.04.08"]
[Round "6.208"]
[White "Ortiz Maseres, Roberto"]
[Black "Jimenez Pena, Sergio"]
[Result "0-1"]
[WhiteElo "1268"]
[BlackElo "1511"]
[PlyCount "88"]

1. e4 c6 2. d3 d5 3. Nd2 e5 4. Ngf3 Bd6 5. g3 Nf6 6. Bg2 O-O 7. O-O Re8 8. Re1
Bc7 9. Nf1 d4 10. c3 c5 11. h4 Nbd7 12. N1h2 Nf8 13. Qc2 h6 14. a4 a5 15. Bd2
Be6 16. b3 dxc3 17. Bxc3 Bd7 18. Rad1 Qc8 19. Bb2 Bd6 20. Rc1 Bc6 21. Ba3 Ne6
22. Bh3 Bd7 23. Bg2 Qd8 24. Bb2 Rc8 25. Qb1 Nd4 26. Nxd4 cxd4 27. Rxc8 Qxc8 28.
Rc1 Qb8 29. Rf1 b5 30. axb5 Qxb5 31. Bc1 a4 32. Re1 axb3 33. Re2 Rb8 34. Bb2
Qa4 35. Qa1 Qxa1+ 36. Bxa1 Ba3 37. Bb2 Bb4 38. Nf3 Bg4 39. Kh2 Bc3 40. Kg1 Nd7
41. Kf1 f6 42. Rd2 Bxf3 43. Bxf3 Bxd2 44. Bd1 Bc3 0-1

[Event "Open Semana Santa 2023"]
[Site "?"]
[Date "2023.04.08"]
[Round "6.209"]
[White "Franch Moreno, Marcelo"]
[Black "Del Valle Domenech, Trinidad"]
[Result "1-0"]
[WhiteElo "1461"]
[BlackElo "1311"]
[PlyCount "79"]

1. e4 e5 2. Nf3 Nc6 3. Bc4 Bc5 4. c3 a6 5. O-O Nf6 6. d3 O-O 7. a4 Be7 8. Re1
d6 9. h3 Re8 10. Ng5 d5 11. exd5 Nxd5 12. Qh5 Bxg5 13. Bxg5 Qd6 14. Nd2 Be6 15.
Ne4 Qf8 16. Bxd5 Bxd5 17. Nf6+ gxf6 18. Bh6 Qxh6 19. Qxh6 Ne7 20. Qxf6 Ng6 21.
Qg5 Re6 22. h4 Rae8 23. h5 Bc6 24. f3 a5 25. hxg6 Rxg6 26. Qe3 h5 27. Kf2 f6
28. Rh1 Kg7 29. Rxh5 Rg8 30. Rah1 Kf7 31. Rh7+ Ke6 32. R1h2 b6 33. Rxc7 Bxa4
34. Qxb6+ Kf5 35. Rh5+ Rg5 36. Rxg5+ Rxg5 37. Rf7 Rg6 38. g4+ Kg5 39. Qe3+ Kh4
40. Rh7+ 1-0

[Event "Open Semana Santa 2023"]
[Site "?"]
[Date "2023.04.08"]
[Round "6.210"]
[White "Otazu Casanes, Abel"]
[Black "Petrashko, Vladyslav"]
[Result "1-0"]
[WhiteElo "1460"]
[BlackElo "1290"]
[PlyCount "59"]

1. e4 e5 2. Bc4 Nf6 3. Nc3 Nc6 4. d3 d6 5. f4 Bg4 6. Nf3 Be7 7. h3 Bxf3 8. Qxf3
Nd4 9. Qd1 Nd7 10. O-O O-O 11. a3 a6 12. Ne2 b5 13. Ba2 c5 14. Nxd4 cxd4 15.
fxe5 dxe5 16. Qg4 Nf6 17. Qg3 Qc7 18. Bh6 Nh5 19. Qg4 Kh8 20. Qxh5 gxh6 21.
Bxf7 Bg5 22. Bd5 Rae8 23. Qe2 Bf4 24. Kh1 Qe7 25. Rf3 Rf6 26. Raf1 Rg6 27. g3
Rxg3 28. Rxg3 Bxg3 29. Rg1 Qh4 30. Qg2 1-0

[Event "Open Semana Santa 2023"]
[Site "?"]
[Date "2023.04.08"]
[Round "6.211"]
[White "Ainsa Garus, Carlos"]
[Black "Gil Bayo, Daniel"]
[Result "1-0"]
[WhiteElo "1247"]
[BlackElo "1433"]
[PlyCount "95"]
[EventDate "2023.??.??"]

1. e4 c5 2. Nf3 Nc6 3. Bb5 g6 4. c3 Bg7 5. O-O Nf6 6. d3 O-O 7. Be3 d6 8. h3
Qb6 9. Na3 a6 10. Bxc6 Qxc6 11. Qd2 b5 12. Rac1 c4 13. e5 dxe5 14. Nxe5 Qd5 15.
Bd4 Bb7 16. f3 cxd3 17. Qxd3 Nh5 18. Rfe1 Rad8 19. Qe3 Qxa2 20. Nd3 Bxd4 21.
cxd4 Qd5 22. Nc2 Rfe8 23. Ne5 Ng3 24. Ng4 Nf5 25. Qa3 Nxd4 26. Rxe7 Nxf3+ 27.
gxf3 Qg5 28. Rce1 Rxe7 29. Rxe7 Bxf3 30. Kf2 Qf4 31. Qxf3 Rd2+ 32. Re2 Rxe2+
33. Kxe2 Qc4+ 34. Kd2 Qc5 35. Nge3 h5 36. Qa8+ Kg7 37. Qxa6 b4 38. Qc4 Qd6+ 39.
Qd4+ Qxd4+ 40. Nxd4 f5 41. Ke2 Kf6 42. Kf3 Ke5 43. Nc6+ Kd6 44. Nxb4 Kc5 45.
Nd3+ Kd4 46. Nf4 g5 47. Nxh5 g4+ 48. Nxg4 1-0

[Event "Open Semana Santa 2023"]
[Site "?"]
[Date "2023.04.08"]
[Round "6.212"]
[White "Aracil Martinez, Arnau"]
[Black "Garcia Perez, Sergio"]
[Result "0-1"]
[WhiteElo "1421"]
[BlackElo "1288"]
[PlyCount "114"]

1. e4 c5 2. Nf3 Nc6 3. Bb5 g6 4. c3 Bg7 5. O-O e5 6. Re1 Nge7 7. Na3 O-O 8. Nc2
a6 9. Bf1 d6 10. d4 Bg4 11. d5 Nb8 12. Ne3 Bxf3 13. Qxf3 b5 14. Ng4 f5 15. Nh6+
Kh8 16. Qh3 Nd7 17. Bd3 fxe4 18. Bxe4 Nf6 19. Qe6 Nxe4 20. Rxe4 Bxh6 21. Bxh6
Rf5 22. g4 Rf3 23. Re3 Ng8 24. Bg7+ Kxg7 25. Rxf3 Nh6 26. Kh1 Ra7 27. g5 Nf5
28. Qf6+ Qxf6 29. gxf6+ Kxf6 30. a4 Rb7 31. axb5 axb5 32. Ra6 Ke7 33. Rd3 b4
34. c4 Nd4 35. Rd1 h6 36. Rg1 g5 37. h4 Nf3 38. Rga1 Nxh4 39. Ra7 Rxa7 40.
Rxa7+ Kf6 41. Kh2 Nf3+ 42. Kg3 e4 43. Rd7 Ke5 44. Re7+ Kd4 45. Re6 Nd2 46. Rxd6
Nxc4 47. Rd8 Nxb2 48. d6 Nd3 49. d7 Ne5 50. Re8 Nxd7 51. Rd8 b3 52. Rxd7+ Kc3
53. Rc7 c4 54. Kg4 b2 55. Rb7 Kc2 56. Kf5 b1=Q 57. Rxb1 Kxb1 0-1

[Event "Open Semana Santa 2023"]
[Site "?"]
[Date "2023.04.08"]
[Round "6.213"]
[White "Martinez Egea, Gabriel"]
[Black "Domenech Sanz, Vicente"]
[Result "0-1"]
[WhiteElo "1234"]
[BlackElo "1403"]
[PlyCount "102"]
[EventDate "2023.??.??"]

1. e4 Nc6 2. Nf3 e5 3. Nc3 Bc5 4. Nxe5 d6 5. Nxc6 bxc6 6. d4 Bb6 7. g3 Ne7 8.
Bg2 a6 9. O-O h6 10. Be3 O-O 11. f4 f5 12. h3 Qe8 13. Qd2 Qg6 14. Rf3 fxe4 15.
f5 Bxf5 16. Rf2 Qxg3 17. Ne2 Qg6 18. Nf4 Qe8 19. Raf1 d5 20. Qe2 Ng6 21. Kh2
Nxf4 22. Rxf4 Qg6 23. Qf2 Qd6 24. Qg3 Bd7 25. Kh1 Rxf4 26. Bxf4 Qe6 27. Be5 Qe7
28. Qg6 Rf8 29. Rg1 Qf7 30. Qg3 g5 31. h4 Qh5 32. Bh3 Rf3 33. Bg4 Bxg4 34. Qxg4
Qxg4 35. Rxg4 Rf2 36. hxg5 hxg5 37. Rxg5+ Kh7 38. Rh5+ Kg6 39. Rh2 Rxh2+ 40.
Kxh2 Kg5 41. Kg2 Kg4 42. Kf2 c5 43. c3 cxd4 44. cxd4 c5 45. dxc5 Bxc5+ 46. Ke2
d4 47. Kd2 Kf3 48. Ke1 e3 49. a3 d3 50. Bc3 e2 51. Bd2 Bf2# 0-1

[Event "Open Semana Santa 2023"]
[Site "?"]
[Date "2023.04.08"]
[Round "6.214"]
[White "Gil Martin, Sara"]
[Black "Vallina Menendez, Marcos"]
[Result "1/2-1/2"]
[WhiteElo "1226"]
[BlackElo "1377"]
[PlyCount "61"]

1. e4 c5 2. Nf3 Nc6 3. Nc3 e6 4. d4 cxd4 5. Nxd4 Bb4 6. Nxc6 bxc6 7. Qd4 Bxc3+
8. Qxc3 Nf6 9. Qg3 g6 10. Bd3 Nh5 11. Qf3 O-O 12. g4 Nf6 13. h4 d5 14. e5 Ne4
15. Bxe4 dxe4 16. Qxe4 Qd5 17. Qxd5 exd5 18. Rg1 Re8 19. Be3 Rxe5 20. O-O-O f5
21. g5 Bb7 22. Rge1 Rae8 23. Bd2 Rxe1 24. Rxe1 Rxe1+ 25. Bxe1 Kf7 26. f4 Kg7
27. Bf2 a6 28. Kd2 Kf7 29. Kd3 Ke6 30. Kd4 Kd6 31. Be3 1/2-1/2